|
|
|
|
| LEADER |
00000nab a2200000 a 4500 |
| 001 |
vtls011131822 |
| 003 |
SK-MaSNL |
| 005 |
20260303150906.0 |
| 008 |
230222|2010 xo |||||||||||||||||slo| |
| 015 |
|
|
|a SNBRB
|
| 035 |
|
|
|a (uuid)0ff190cb-7c34-4fd4-b9d4-0c631397734a
|
| 035 |
|
|
|a (urnnbn)urn:nbn:sk:snk:ar-a09lw3
|
| 035 |
|
|
|a urn:nbn:sk:snk-aba9lx
|
| 040 |
|
|
|a SNKBUCL
|b slo
|c SNKBUCL
|e AACR2
|
| 041 |
0 |
|
|a slo
|
| 044 |
|
|
|a xo
|c SK
|
| 100 |
1 |
|
|a Paluš, Hubert
|4 aut
|9 22218
|
| 245 |
1 |
0 |
|a TRH S LESNÍCKYMI SLUŽBAMI
|c Hubert Paluš, Vladislav Kaputa, Mikuláš Šupín, Lukáš Fodrek, Ján Parobek, Jaroslav Šálka, Daniel Halaj, Rastislav Šulek
|
| 246 |
3 |
|
|a Forestry services market
|
| 700 |
1 |
|
|a Kaputa, Vladislav
|4 aut
|9 348785
|
| 700 |
1 |
|
|a Šupín, Mikuláš,
|d 1953-
|4 aut
|9 201668
|
| 700 |
1 |
|
|a Fodrek, Lukáš
|4 aut
|9 601573
|
| 700 |
1 |
|
|a Parobek, Ján
|4 aut
|9 319265
|
| 700 |
1 |
|
|a Šálka, Jaroslav,
|d 1972-
|4 aut
|9 206760
|
| 700 |
1 |
|
|a Halaj, Daniel
|4 aut
|9 447376
|
| 700 |
1 |
|
|a Šulek, Rastislav
|4 aut
|9 16225
|
| 773 |
0 |
|
|t Acta Facultatis Forestalis Zvolen Czechoslovakia
|g Roč. 52, č. 2 (2010), s. 99-114
|
| 954 |
|
|
|a odborná, vedecká literatúra pôvodná (slovenská)
|2 lita
|
| 958 |
|
|
|a OND
|
| 958 |
|
|
|a EUIPO
|
| 958 |
|
|
|a article13
|
| 999 |
|
|
|c 2014342
|d 2016272
|